00377nam a2200133Ia 4500003000400000005001700004008004100021040001800062041000800080100004400088110001700132245007400149260002000223OSt20230601111040.0211028s2013 xx 000 0 und d cAIMIT LIBRARY aeng aKini, U Ramnath; Kumar, Rakesh.e111925 aRakesh Kumar aInternship project management system: project status tracking module. aMangalorec2013